LIBRARY & INFORMATION CENTRE, KCAET, TAVANUR

ONLINE PUBLIC ACCESS CATALOGUE (OPAC)

Grey water treatment by constructed wetland (Record no. 15089)

MARC details
000 -LEADER
fixed length control field 00724nam a22001697a 4500
003 - CONTROL NUMBER IDENTIFIER
control field OSt
088 ## - REPORT NUMBER
Report number T 178
100 ## - MAIN ENTRY--AUTHOR NAME
Personal name ABHIJEET HINDURAO SURVE
245 ## - TITLE STATEMENT
Title Grey water treatment by constructed wetland
260 ## - PUBLICATION, DISTRIBUTION, ETC. (IMPRINT)
Place of publication Tavanur 2007
Name of publisher Kelappaji College of Agricultural Engineering and Technology
300 ## - PHYSICAL DESCRIPTION
Number of Pages 122
500 ## - GENERAL NOTE
General note Grey water treatment by constructed wetland
520 ## - SUMMARY, ETC.
Summary, etc Grey water treatment by constructed wetland. pollution of water bodies can result in the death of aquatic animals, enhanced growth of aquatic plants which causes meandering of flow and floods. waste water mosquito dengue chikkenguniya ....
700 ## - ADDED ENTRY--PERSONAL NAME
Personal name Er. Rema K. P (Guide)
942 ## - ADDED ENTRY ELEMENTS (KOHA)
Koha item type Theses

No items available.

free website counter